[Event "DVM U20w 2015"]
[Site "Osnabrück GER"]
[Date "2015.12.30"]
[Round "7"]
[White "Leinemann, Vivien Sophie"]
[Black "Lagunow, Elina"]
[Result "0-1"]
[Termination "normal"]
[Board "5.1"]
[WhiteElo "1635"]
[BlackElo "1751"]
[WhiteTeam "Hamburger SK von 1830"]
[BlackTeam "BSV 63 Chemie Weißensee"]
[PlyCount "84"]
[WhiteFideId "16208536"]
[BlackFideId "4673387"]
[EventCountry "GER"]
[EventRounds "7"]
[EventType "team-swiss"]
[EventDate "2015.12.26"]

1. e4 c5 2. Nf3 Nc6 3. d4 cxd4 4. Nxd4 g6 5. c4 Bg7 6. Be3 Nf6 7. Nc3 O-O 8.
Be2 d6 9. O-O Bd7 10. Qd2 Rc8 11. Rfc1 a6 12. Rab1 Ne5 13. b3 Neg4 14. Bg5 Qb6
15. Bxg4 Nxg4 16. Nd5 Qxd4 17. Nxe7+ Kh8 18. Qxd4 Bxd4 19. Nxc8 Nxf2 20. Bf6+
Bxf6 21. Kxf2 Bd4+ 22. Kf1 Rxc8 23. Rd1 Be5 24. h3 Bc6 25. Re1 Re8 26. Rbd1 Bg3
27. Re3 Bf4 28. Re2 Bxe4 29. Kg1 f5 30. Ree1 Rc8 31. Kf2 d5 32. g3 Be5 33. cxd5
Rc2+ 34. Kf1 Bg2+ 35. Kg1 Bxg3 36. Re8+ Kg7 37. Re7+ Kf6 38. Rxh7 Bf3 39. Rb1
Bh2+ 40. Kf1 Bxd5 41. Rd1 Bg2+ 42. Ke1 Bg3# 0-1

[Event "DVM U20w 2015"]
[Site "Osnabrück GER"]
[Date "2015.12.30"]
[Round "7"]
[White "Koch, Elisabeth"]
[Black "Voß, Henrike"]
[Result "1-0"]
[Termination "normal"]
[Board "5.2"]
[WhiteElo "1682"]
[BlackElo "1535"]
[WhiteTeam "BSV 63 Chemie Weißensee"]
[BlackTeam "Hamburger SK von 1830"]
[PlyCount "33"]
[WhiteFideId "24695068"]
[BlackFideId "12971910"]
[EventCountry "GER"]
[EventRounds "7"]
[EventType "team-swiss"]
[EventDate "2015.12.26"]

1. e4 e5 2. Nf3 Nc6 3. Bc4 Bc5 4. c3 Nf6 5. d3 d6 6. O-O O-O 7. Nbd2 a6 8. Bb3
Ne7 9. d4 exd4 10. cxd4 Bd7 11. e5 dxe5 12. dxe5 Nfd5 13. Ne4 Bf5 14. Ng3 Be6
15. Ng5 Ng6 16. Qh5 h6 17. Nxe6 1-0

[Event "DVM U20w 2015"]
[Site "Osnabrück GER"]
[Date "2015.12.30"]
[Round "7"]
[White "Reich, Kristina"]
[Black "Greßmann, Hanna"]
[Result "0-1"]
[Termination "normal"]
[Board "5.3"]
[WhiteElo "1636"]
[BlackElo "1731"]
[WhiteTeam "Hamburger SK von 1830"]
[BlackTeam "BSV 63 Chemie Weißensee"]
[PlyCount "82"]
[WhiteFideId "12964719"]
[BlackFideId "12930709"]
[EventCountry "GER"]
[EventRounds "7"]
[EventType "team-swiss"]
[EventDate "2015.12.26"]

1. e4 e5 2. Nf3 Nc6 3. d4 exd4 4. Nxd4 Bc5 5. Be3 Qf6 6. c3 Nge7 7. Bc4 Ne5 8.
Be2 Qg6 9. O-O d6 10. f3 O-O 11. Nd2 Bb6 12. f4 N5c6 13. Kh1 f5 14. Bh5 Qf6 15.
Nxc6 Nxc6 16. Rf3 fxe4 17. Nxe4 Qh4 18. Qd5+ Kh8 19. Bxb6 axb6 20. Qg5 Qxg5 21.
fxg5 Be6 22. a3 Ne5 23. Rxf8+ Rxf8 24. Be2 Bd5 25. Ng3 Rf2 26. Rg1 Ng6 27. Bf3
Rxf3 28. gxf3 Bxf3+ 29. Rg2 Nh4 30. Kg1 Bxg2 31. Kf2 Bc6 32. Ke3 Kg8 33. Kf4
Kf7 34. Nf5 Nxf5 35. Kxf5 g6+ 36. Kf4 Ke6 37. b3 b5 38. h3 Bg2 39. h4 Bd5 40.
b4 Bc6 41. Ke3 Kf5 0-1

[Event "DVM U20w 2015"]
[Site "Osnabrück GER"]
[Date "2015.12.30"]
[Round "7"]
[White "Alcer, Johanna"]
[Black "G., Diana"]
[Result "0-1"]
[Termination "normal"]
[Board "5.4"]
[WhiteElo "1187"]
[BlackElo "1328"]
[WhiteTeam "BSV 63 Chemie Weißensee"]
[BlackTeam "Hamburger SK von 1830"]
[PlyCount "120"]
[WhiteFideId "12964450"]
[BlackFideId "12964700"]
[EventCountry "GER"]
[EventRounds "7"]
[EventType "team-swiss"]
[EventDate "2015.12.26"]

1. e4 d6 2. d4 g6 3. Nf3 Bg7 4. Bc4 Nf6 5. Nc3 c6 6. O-O O-O 7. Re1 Nbd7 8. Bf4
b5 9. Bd3 a6 10. Qd2 c5 11. dxc5 dxc5 12. a4 bxa4 13. Nxa4 Bb7 14. Rad1 Rc8 15.
Bg3 c4 16. Be2 Bxe4 17. b3 Bc6 18. Qb4 a5 19. Qxc4 Bxf3 20. Qf4 Bxe2 21. Rxe2
Nh5 22. Qd2 Nxg3 23. fxg3 Rc7 24. Nb6 Nxb6 25. Qxd8 Rxd8 26. Rxd8+ Bf8 27. Rd1
e6 28. Rc1 Nd5 29. c4 Bc5+ 30. Kf1 Ne3+ 31. Ke1 Kg7 32. Rc3 Ng4 33. Kd1 Rd7+
34. Kc2 Nxh2 35. Re4 Nf1 36. Rd3 Rxd3 37. Kxd3 Nxg3 38. Re5 Bb4 39. c5 Nf5 40.
c6 Ne7 41. c7 Kf6 42. Re4 Nc8 43. Rd4 Bd6 44. Rc4 Ke7 45. Ra4 Bxc7 46. Rc4 Kd7
47. Rh4 h5 48. Rd4+ Nd6 49. Ke3 Bb6 50. Kd3 Bxd4 51. Kxd4 Nf5+ 52. Kc4 Nd6+ 53.
Kd4 Ke7 54. Kc5 e5 55. Kb6 e4 56. Kxa5 e3 57. b4 e2 58. Ka6 e1=Q 59. b5 Kd7 60.
b6 Qa1# 0-1

[Event "DVM U20w 2015"]
[Site "Osnabrück GER"]
[Date "2015.12.30"]
[Round "7"]
[White "Peters, Theresa"]
[Black "Graf, Pia"]
[Result "1/2-1/2"]
[Termination "normal"]
[Board "6.1"]
[WhiteElo "1722"]
[BlackElo "1768"]
[WhiteTeam "SV 1919 Grimma"]
[BlackTeam "USG Chemnitz"]
[PlyCount "73"]
[WhiteFideId "12952192"]
[BlackFideId "12917737"]
[EventCountry "GER"]
[EventRounds "7"]
[EventType "team-swiss"]
[EventDate "2015.12.26"]

1. e4 e6 2. d4 d5 3. Nd2 c5 4. c3 Nc6 5. Ngf3 Bd7 6. Bd3 cxd4 7. Nxd4 Nxd4 8.
cxd4 dxe4 9. Bxe4 Qc7 10. Qb3 Rb8 11. Nc4 Nf6 12. Bf3 a6 13. Bg5 Be7 14. Bh4
Rc8 15. Nb6 Rd8 16. O-O Bb5 17. Rfd1 Qxb6 18. a4 Rxd4 19. Rxd4 Qxd4 20. Bxf6
Bxf6 21. axb5 O-O 22. bxa6 bxa6 23. Rxa6 Qxb2 24. Qxb2 Bxb2 25. Ra8 g6 26. g3
e5 27. Bd5 Bd4 28. Kg2 Kg7 29. Rxf8 Kxf8 30. f4 f6 31. Kf3 Kg7 32. h3 h5 33. g4
Kh6 34. Bc6 exf4 35. Kxf4 Be5+ 36. Kf3 Kg5 37. Bd7 1/2-1/2

[Event "DVM U20w 2015"]
[Site "Osnabrück GER"]
[Date "2015.12.30"]
[Round "7"]
[White "Kluge, Leyla"]
[Black "Neumann, Isabel"]
[Result "1-0"]
[Termination "normal"]
[Board "6.2"]
[WhiteElo "1604"]
[BlackElo "1644"]
[WhiteTeam "USG Chemnitz"]
[BlackTeam "SV 1919 Grimma"]
[PlyCount "79"]
[WhiteFideId "12918172"]
[BlackFideId "12964468"]
[EventCountry "GER"]
[EventRounds "7"]
[EventType "team-swiss"]
[EventDate "2015.12.26"]

1. c4 e5 2. Nc3 d6 3. g3 f5 4. Bg2 Nf6 5. d3 Be7 6. e3 c6 7. Nf3 O-O 8. c5 Na6
9. cxd6 Bxd6 10. Qb3+ Kh8 11. Ng5 Qe8 12. O-O h6 13. Nf3 Nc5 14. Qc2 e4 15.
dxe4 Ncxe4 16. Nd4 Nxc3 17. Qxc3 Be5 18. Qc5 Bxd4 19. exd4 Bd7 20. Bf4 Qh5 21.
Rfe1 b6 22. Qd6 Rfe8 23. Re5 Rad8 24. Rae1 Ng4 25. Rxe8+ Rxe8 26. Re7 Bc8 27.
h3 Rxe7 28. Qxe7 Nf6 29. Qf8+ Kh7 30. Qxc8 Qd1+ 31. Kh2 Qxd4 32. Qxf5+ Kg8 33.
Be5 Qc5 34. Qe6+ Kh8 35. Bxf6 gxf6 36. Qxf6+ Kg8 37. Qg6+ Kf8 38. Qxh6+ Kg8 39.
Qd2 a5 40. h4 1-0

[Event "DVM U20w 2015"]
[Site "Osnabrück GER"]
[Date "2015.12.30"]
[Round "7"]
[White "Könze, Heike"]
[Black "Oltmanns, Bianca"]
[Result "1/2-1/2"]
[Termination "normal"]
[Board "6.3"]
[WhiteElo "1639"]
[BlackElo "1745"]
[WhiteTeam "SV 1919 Grimma"]
[BlackTeam "USG Chemnitz"]
[PlyCount "74"]
[WhiteFideId "12964476"]
[BlackFideId "24698008"]
[EventCountry "GER"]
[EventRounds "7"]
[EventType "team-swiss"]
[EventDate "2015.12.26"]

1. e4 e6 2. d4 d5 3. Nc3 dxe4 4. Nxe4 Nd7 5. Nf3 Ngf6 6. Bd3 Nxe4 7. Bxe4 Nf6
8. Qe2 a6 9. Bg5 Be7 10. h3 O-O 11. Bxf6 Bxf6 12. O-O-O Qe7 13. g4 c5 14. h4
Rd8 15. dxc5 Qxc5 16. Rxd8+ Bxd8 17. Qd3 Bb6 18. Bxh7+ Kf8 19. Rf1 Ke7 20. Be4
Bd7 21. Rd1 Bb5 22. Qd4 Rd8 23. Qxc5+ Bxc5 24. Rxd8 Kxd8 25. Bxb7 Bxf2 26. a4
Bxa4 27. Bxa6 f6 28. Bb7 e5 29. g5 Kc7 30. gxf6 gxf6 31. Be4 Be8 32. Kd2 Kd6
33. c4 Ke6 34. Ke2 Bg3 35. Bd5+ Kd6 36. b4 f5 37. Bb7 Bh5 1/2-1/2

[Event "DVM U20w 2015"]
[Site "Osnabrück GER"]
[Date "2015.12.30"]
[Round "7"]
[White "Fuchs, Joline"]
[Black "Hagenbeck-Hübert, Lara"]
[Result "0-1"]
[Termination "normal"]
[Board "6.4"]
[WhiteElo "1347"]
[BlackElo "1520"]
[WhiteTeam "USG Chemnitz"]
[BlackTeam "SV 1919 Grimma"]
[PlyCount "92"]
[WhiteFideId "12964506"]
[BlackFideId "12964484"]
[EventCountry "GER"]
[EventRounds "7"]
[EventType "team-swiss"]
[EventDate "2015.12.26"]

1. e4 Nf6 2. Nc3 e5 3. Bc4 Nxe4 4. Qh5 Nd6 5. Qxe5+ Qe7 6. Qxe7+ Bxe7 7. Bb3
Nc6 8. Nf3 O-O 9. O-O Nf5 10. d3 Ncd4 11. Nxd4 Nxd4 12. Nd5 Bd6 13. Re1 Nxb3
14. axb3 b6 15. Ne7+ Kh8 16. Nxc8 Rfxc8 17. Be3 a5 18. Bd4 Re8 19. Rxe8+ Rxe8
20. h3 Re2 21. c4 Rd2 22. Re1 h6 23. Re8+ Kh7 24. g3 Rxd3 25. Bc3 Bc5 26. Kg2
c6 27. Rd8 Kg6 28. Re8 f6 29. Re2 Kf7 30. Rd2 Rxd2 31. Bxd2 h5 32. Kf3 Ke6 33.
Be3 Bxe3 34. Kxe3 Ke5 35. f3 g5 36. f4+ Kf5 37. fxg5 fxg5 38. Kf3 h4 39. g4+
Ke5 40. Ke3 d6 41. Kf3 Kd4 42. Ke2 Ke4 43. Kf2 Kf4 44. Ke2 Kg3 45. Ke3 Kxh3 46.
Ke4 Kxg4 0-1

[Event "DVM U14w 2015"]
[Site "Magdeburg GER"]
[Date "2015.12.27"]
[Round "1"]
[White "Kirsten, Annika"]
[Black "Reinecke, Katharina"]
[Result "0-1"]
[Termination "normal"]
[Board "1.1"]
[WhiteElo "1329"]
[BlackElo "1853"]
[WhiteTeam "Cöthener FC Germania 03"]
[BlackTeam "SK Langen"]
[PlyCount "110"]
[WhiteFideId "12961124"]
[BlackFideId "12929727"]
[EventCountry "GER"]
[EventRounds "7"]
[EventType "team-swiss"]
[EventDate "2015.12.26"]

1. e4 c6 2. d4 d5 3. exd5 cxd5 4. c4 Nf6 5. Nc3 e6 6. Nf3 Nc6 7. Be3 Be7 8. Be2
O-O 9. O-O dxc4 10. Bxc4 b6 11. Bb3 Nb4 12. Rc1 Ba6 13. Ne2 Qd7 14. a3 Nbd5 15.
Bc4 Bxc4 16. Rxc4 Rac8 17. Qc2 Rxc4 18. Qxc4 Rc8 19. Qd3 b5 20. Ne5 Qb7 21. Rc1
Rxc1+ 22. Bxc1 Nd7 23. Nxd7 Qxd7 24. Nc3 b4 25. axb4 Nxb4 26. Qe4 Nd5 27. Nxd5
Qxd5 28. Qxd5 exd5 29. Kf1 Kf8 30. Ke2 Ke8 31. Bf4 Kd7 32. Kd3 Kc6 33. Kc3 Kb5
34. b3 Bb4+ 35. Kd3 Be1 36. f3 a5 37. Bd2 Bxd2 38. Kxd2 a4 39. bxa4+ Kxa4 40.
Kc2 Kb4 41. Kd3 Kb3 42. h3 f6 43. g3 h6 44. g4 g5 45. Kd2 Kc4 46. Ke3 Kc3 47.
Ke2 Kxd4 48. Kd2 Ke5 49. Ke3 d4+ 50. Kd3 Kf4 51. Kxd4 Kxf3 52. Kd5 Kg3 53. Ke6
Kxh3 54. Kxf6 Kxg4 55. Kg6 h5 0-1

[Event "DVM U14w 2015"]
[Site "Magdeburg GER"]
[Date "2015.12.27"]
[Round "1"]
[White "Poetsch, Leonore"]
[Black "Kümmel, Tina"]
[Result "1-0"]
[Termination "normal"]
[Board "1.2"]
[WhiteElo "1790"]
[BlackElo "1371"]
[WhiteTeam "SK Langen"]
[BlackTeam "Cöthener FC Germania 03"]
[PlyCount "59"]
[WhiteFideId "12940372"]
[BlackFideId "12979368"]
[EventCountry "GER"]
[EventRounds "7"]
[EventType "team-swiss"]
[EventDate "2015.12.26"]

1. e4 e6 2. d4 d5 3. Nd2 Nf6 4. e5 Nfd7 5. Bd3 c5 6. c3 Nc6 7. Ne2 Be7 8. O-O
O-O 9. f4 Qc7 10. f5 exf5 11. Bxf5 Nb6 12. Qc2 g6 13. Bxc8 Raxc8 14. Qb3 Rfd8
15. Nf3 c4 16. Qd1 Bf8 17. Ng5 Rd7 18. Ng3 Bg7 19. e6 fxe6 20. Nxe6 Qd6 21.
Nxg7 Kxg7 22. Qg4 Qc7 23. Bf4 Qd8 24. Bg5 Qc7 25. Bf6+ Kg8 26. Nf5 Kf8 27. Nh6
Ke8 28. Rae1+ Ne7 29. Qe6 Rd6 30. Qg8+ 1-0

[Event "DVM U14w 2015"]
[Site "Magdeburg GER"]
[Date "2015.12.27"]
[Round "1"]
[White "Buchheim, Luise"]
[Black "Flach, Helene"]
[Result "0-1"]
[Termination "normal"]
[Board "1.3"]
[WhiteElo "1112"]
[BlackElo "1785"]
[WhiteTeam "Cöthener FC Germania 03"]
[BlackTeam "SK Langen"]
[PlyCount "120"]
[WhiteFideId "16217179"]
[BlackFideId "12929735"]
[EventCountry "GER"]
[EventRounds "7"]
[EventType "team-swiss"]
[EventDate "2015.12.26"]

1. e4 e5 2. Nf3 Nc6 3. Bc4 Bc5 4. d3 Nf6 5. Nc3 d6 6. h3 Be6 7. Bb3 h6 8. Be3
Bb6 9. O-O O-O 10. Nd2 a6 11. Qf3 Nd4 12. Qd1 Nxb3 13. Nxb3 c6 14. Qf3 Nh7 15.
Qg3 Kh8 16. Rad1 f5 17. exf5 Bxf5 18. Rd2 Bxe3 19. fxe3 Qg5 20. Qxg5 Nxg5 21.
Kh2 Bg6 22. Rdd1 Kg8 23. Kg1 Rae8 24. e4 Ne6 25. Rf2 Rxf2 26. Kxf2 Rf8+ 27. Kg1
Nf4 28. Rf1 Rf7 29. Nd2 Bh5 30. Re1 Rf6 31. Kh2 Kf8 32. g3 Ne6 33. Rf1 Rxf1 34.
Nxf1 Nd4 35. Ne3 Ke7 36. a3 Ke6 37. b4 Be8 38. Na4 Nb5 39. Nc4 Nd4 40. c3 Nf3+
41. Kh1 b5 42. Nab2 bxc4 43. Nxc4 d5 44. Ne3 Ng5 45. exd5+ cxd5 46. Kg2 Bb5 47.
d4 Ne4 48. dxe5 Nxc3 49. Kf3 d4 50. Ng4 Be2+ 51. Kf2 Bxg4 52. hxg4 Kxe5 53. Ke1
d3 54. Kd2 Kd4 55. Kc1 Ke3 56. g5 d2+ 57. Kc2 d1=Q+ 58. Kb2 Na4+ 59. Ka2 Qc2+
60. Ka1 Qb2# 0-1

[Event "DVM U14w 2015"]
[Site "Magdeburg GER"]
[Date "2015.12.27"]
[Round "1"]
[White "Riegel, Arinna"]
[Black "Wesselly, Luisa"]
[Result "1-0"]
[Termination "normal"]
[Board "1.4"]
[WhiteElo "1691"]
[BlackElo "966"]
[WhiteTeam "SK Langen"]
[BlackTeam "Cöthener FC Germania 03"]
[PlyCount "115"]
[WhiteFideId "12931446"]
[BlackFideId "16217187"]
[EventCountry "GER"]
[EventRounds "7"]
[EventType "team-swiss"]
[EventDate "2015.12.26"]

1. e4 e5 2. Nf3 Nc6 3. d4 exd4 4. Nxd4 Nxd4 5. Qxd4 Qe7 6. Bd3 Qb4+ 7. Qxb4
Bxb4+ 8. c3 Bd6 9. Nd2 Nf6 10. Nf3 Ng4 11. Bc2 Bc5 12. Nd4 Bxd4 13. cxd4 d6 14.
f3 Nf6 15. Kf2 d5 16. e5 Nd7 17. Re1 Nb6 18. b3 g6 19. a4 Be6 20. Ba3 Nc8 21.
Rec1 c6 22. Bd3 Ne7 23. g4 h5 24. Kg3 hxg4 25. fxg4 Kd7 26. b4 Rh7 27. h4 Rah8
28. Rh1 Rh6 29. b5 g5 30. h5 Rc8 31. Rab1 f5 32. bxc6+ bxc6 33. Rb7+ Rc7 34.
Rxc7+ Kxc7 35. Bxe7 f4+ 36. Kf3 Rh8 37. h6 Kd7 38. Bf6 Rf8 39. h7 c5 40. h8=Q
Rxh8 41. Rxh8 cxd4 42. Bxg5 Kc6 43. Rh6 Kd7 44. Bb5+ Kc8 45. Rxe6 d3 46. Bxd3
a5 47. Re7 d4 48. Rh7 Kb8 49. Bxf4 Kc8 50. Bg5 Kb8 51. Bf5 Ka8 52. Bf4 Kb8 53.
e6+ Kc8 54. e7+ Kb7 55. e8=Q+ Kb6 56. Qb8+ Kc6 57. Rc7+ Kd5 58. Qd8# 1-0

[Event "DVM U14w 2015"]
[Site "Magdeburg GER"]
[Date "2015.12.27"]
[Round "1"]
[White "Nguyen, Ha Thanh"]
[Black "Kolb, Verena"]
[Result "1-0"]
[Termination "normal"]
[Board "2.1"]
[WhiteElo "1691"]
[BlackElo "1800"]
[WhiteTeam "SV Empor Erfurt"]
[BlackTeam "SC Erlangen 48/88"]
[PlyCount "55"]
[WhiteFideId "12942154"]
[BlackFideId "12992313"]
[EventCountry "GER"]
[EventRounds "7"]
[EventType "team-swiss"]
[EventDate "2015.12.26"]

1. d4 d5 2. e3 e6 3. Bd3 c5 4. c3 Nf6 5. f4 Nc6 6. Nf3 Bd7 7. O-O Be7 8. Nbd2
Qb6 9. Kh1 O-O-O 10. Ne5 Rdf8 11. a4 Ne8 12. Nxd7 Kxd7 13. Nf3 Bd6 14. dxc5
Qxc5 15. Qe1 Nf6 16. b4 Qb6 17. Ba3 Ne7 18. c4 dxc4 19. Bxc4 Rc8 20. Bb5+ Kc7
21. Nd4 Nfd5 22. a5 Bxb4 23. axb6+ axb6 24. Bxb4 Nxb4 25. Qxb4 Nd5 26. Rfc1+
Kb8 27. Qd6+ Rc7 28. e4 1-0

[Event "DVM U14w 2015"]
[Site "Magdeburg GER"]
[Date "2015.12.27"]
[Round "1"]
[White "Du, Jessica"]
[Black "Schulz, Theresa Charlotte"]
[Result "1/2-1/2"]
[Termination "normal"]
[Board "2.2"]
[WhiteElo "1188"]
[BlackElo "1669"]
[WhiteTeam "SC Erlangen 48/88"]
[BlackTeam "SV Empor Erfurt"]
[PlyCount "94"]
[WhiteFideId "12988529"]
[BlackFideId "12952206"]
[EventCountry "GER"]
[EventRounds "7"]
[EventType "team-swiss"]
[EventDate "2015.12.26"]

1. e4 c6 2. d4 d5 3. exd5 cxd5 4. Be2 Bf5 5. Nf3 e6 6. O-O Nf6 7. Nc3 a6 8. Bf4
Be7 9. Re1 O-O 10. Ne5 Nc6 11. Be3 Qc7 12. Nxc6 bxc6 13. Bd3 Ng4 14. g3 Nxe3
15. Rxe3 Bxd3 16. Qxd3 c5 17. Rae1 cxd4 18. Nxd5 exd5 19. Rxe7 Qb6 20. b3 Rac8
21. Rd1 Rc3 22. Qxd4 Qxd4 23. Rxd4 Rxc2 24. Ra7 Rxa2 25. Rxd5 g6 26. Rdd7 h5
27. Rdb7 Ra3 28. Rb6 a5 29. Rb5 Kg7 30. Raxa5 Rxa5 31. Rxa5 Rb8 32. Ra3 Kf6 33.
Kf1 Kg5 34. h4+ Kf5 35. Ra5+ Ke4 36. Ra4+ Kd3 37. Ra7 Rxb3 38. Rxf7 Rb6 39. f3
Ke3 40. g4 hxg4 41. fxg4 Rb4 42. g5 Rxh4 43. Rf6 Rf4+ 44. Ke1 Rg4 45. Re6+ Kf4
46. Rxg6 Rxg5 47. Rxg5 Kxg5 1/2-1/2

[Event "DVM U14w 2015"]
[Site "Magdeburg GER"]
[Date "2015.12.27"]
[Round "1"]
[White "Rieger, Lotta"]
[Black "Eisenburger, Melissa"]
[Result "1/2-1/2"]
[Termination "normal"]
[Board "2.3"]
[WhiteElo "1442"]
[BlackElo "1181"]
[WhiteTeam "SV Empor Erfurt"]
[BlackTeam "SC Erlangen 48/88"]
[PlyCount "122"]
[WhiteFideId "12964620"]
[BlackFideId "16217209"]
[EventCountry "GER"]
[EventRounds "7"]
[EventType "team-swiss"]
[EventDate "2015.12.26"]

1. e4 e5 2. Nf3 Nf6 3. Nc3 Bb4 4. Bc4 O-O 5. Qe2 Bxc3 6. bxc3 d5 7. exd5 Nxd5
8. O-O Re8 9. Qe4 c6 10. Re1 Qd6 11. Bb2 Nd7 12. d4 f6 13. Bd3 g6 14. c4 Nf4
15. dxe5 fxe5 16. Nxe5 Nxd3 17. cxd3 Nc5 18. Qe3 Bf5 19. Ba3 Bxd3 20. Bxc5 Qc7
21. Qxd3 Rxe5 22. Red1 Rxc5 23. Qd7 Qxd7 24. Rxd7 b6 25. Rc1 b5 26. Rd4 Re8 27.
Kf1 Kg7 28. Rd7+ Kg8 29. Rxa7 Rxc4 30. Rxc4 bxc4 31. Rc7 Re6 32. Rd7 Re5 33.
Rd6 Rc5 34. Rd2 Kf7 35. Ke2 Ke6 36. f4 Rd5 37. Rc2 Rd4 38. Ke3 c5 39. a4 Kd7
40. Rd2 Rxd2 41. Kxd2 Kd6 42. a5 Kc6 43. Kc3 Kb5 44. a6 Kxa6 45. Kxc4 Kb6 46.
g4 Kc6 47. h3 Kd6 48. h4 h6 49. Kd3 Ke6 50. Ke4 Kf6 51. Kd5 h5 52. g5+ Kf5 53.
Kxc5 Kxf4 54. Kd5 Kg4 55. Ke5 Kxh4 56. Kf6 Kg4 57. Kxg6 h4 58. Kf6 h3 59. g6 h2
60. g7 h1=Q 61. g8=Q+ Kf4 1/2-1/2

[Event "DVM U14w 2015"]
[Site "Magdeburg GER"]
[Date "2015.12.27"]
[Round "1"]
[White "Kunisch, Nina"]
[Black "Bui, Ngoc Han Julia"]
[Result "0-1"]
[Termination "normal"]
[Board "3.1"]
[WhiteElo "1406"]
[BlackElo "1600"]
[WhiteTeam "SK Neumarkt"]
[BlackTeam "SV Dresden-Leuben"]
[PlyCount "70"]
[WhiteFideId "12982849"]
[BlackFideId "12977055"]
[EventCountry "GER"]
[EventRounds "7"]
[EventType "team-swiss"]
[EventDate "2015.12.26"]

1. e4 c5 2. Nc3 d6 3. f4 Nc6 4. Nf3 g6 5. Bc4 e6 6. O-O Bg7 7. d3 Nge7 8. Qe2
O-O 9. e5 d5 10. Bb3 Nf5 11. Qf2 b6 12. Ba4 Bb7 13. Bxc6 Bxc6 14. d4 cxd4 15.
Nxd4 Nxd4 16. Qxd4 f6 17. Bd2 Rc8 18. Rae1 Bd7 19. b3 Qc7 20. Qd3 fxe5 21. fxe5
Bxe5 22. Rxf8+ Rxf8 23. g3 Qc5+ 24. Kh1 Bg7 25. a4 Rc8 26. Re3 Bh6 27. Rf3 Bxd2
28. Qxd2 Bc6 29. Qe2 Re8 30. Kg2 e5 31. Qe1 e4 32. Rf1 d4 33. Ne2 e3+ 34. Kg1
Qd5 35. Nf4 Qh1# 0-1

[Event "DVM U14w 2015"]
[Site "Magdeburg GER"]
[Date "2015.12.27"]
[Round "1"]
[White "Held, Fabienne"]
[Black "Wong, Kar Yan"]
[Result "0-1"]
[Termination "normal"]
[Board "3.3"]
[WhiteElo "1157"]
[BlackElo "1590"]
[WhiteTeam "SK Neumarkt"]
[BlackTeam "SV Dresden-Leuben"]
[PlyCount "72"]
[WhiteFideId "12964670"]
[BlackFideId "12971855"]
[EventCountry "GER"]
[EventRounds "7"]
[EventType "team-swiss"]
[EventDate "2015.12.26"]

1. e4 c5 2. Nc3 d6 3. d3 Nc6 4. Nf3 e6 5. Be3 Nf6 6. Be2 a6 7. Bg5 Be7 8. Qd2
b5 9. d4 b4 10. Nd1 Nxe4 11. Bxe7 Qxe7 12. Qe3 d5 13. Ne5 Nxd4 14. Bd3 Qf6 15.
f4 O-O 16. Bxe4 dxe4 17. Qxe4 Bb7 18. Qd3 Qxf4 19. Nd7 Rfd8 20. Nxc5 Qe5+ 21.
Ne3 Nf3+ 22. Ke2 Rxd3 23. Nxd3 Nd4+ 24. Kd2 Qg5 25. Rhg1 Rc8 26. Rac1 Rxc2+ 27.
Rxc2 Nxc2 28. Kxc2 Qxe3 29. Re1 Qb6 30. b3 h6 31. Kb2 Qd4+ 32. Kc2 Qc3+ 33. Kd1
Qxd3+ 34. Kc1 Be4 35. Re2 Qxe2 36. a3 Qc2# 0-1

[Event "DVM U14w 2015"]
[Site "Magdeburg GER"]
[Date "2015.12.27"]
[Round "1"]
[White "Klemke, Kassandra"]
[Black "Burger, Daiana"]
[Result "1-0"]
[Termination "normal"]
[Board "3.4"]
[WhiteElo "1157"]
[BlackElo "756"]
[WhiteTeam "SV Dresden-Leuben"]
[BlackTeam "SK Neumarkt"]
[PlyCount "71"]
[WhiteFideId "16217128"]
[BlackFideId "16217233"]
[EventCountry "GER"]
[EventRounds "7"]
[EventType "team-swiss"]
[EventDate "2015.12.26"]

1. e4 e5 2. Nf3 Nc6 3. Nc3 Nf6 4. d4 d6 5. h3 Bd7 6. Be3 Qe7 7. Qd3 O-O-O 8. a3
Qe8 9. d5 Na5 10. b4 Nc6 11. dxc6 Bxc6 12. Be2 d5 13. exd5 Nxd5 14. Nxd5 Bxd5
15. Qf5+ Be6 16. Qxe5 Bd6 17. Qb5 Qe7 18. O-O c6 19. Qa4 Bc7 20. Qxa7 Bf5 21.
Rfe1 Bxc2 22. Bc5 Qe6 23. Ba6 Kd7 24. Rxe6 fxe6 25. Bxb7 Ke8 26. Bxc6+ Kf7 27.
Qxc7+ Kf6 28. Be7+ Kf7 29. Bxd8+ Kg6 30. Re1 h6 31. Rxe6+ Kh7 32. Qb7 Bd3 33.
Be4+ Bxe4 34. Qxe4+ Kg8 35. Re8+ Kf7 36. Qe6# 1-0

[Event "DVM U14w 2015"]
[Site "Magdeburg GER"]
[Date "2015.12.27"]
[Round "1"]
[White "Weimert, Miriam"]
[Black "Alferova, Ekaterina"]
[Result "1-0"]
[Termination "normal"]
[Board "4.1"]
[WhiteElo "1694"]
[BlackElo "1348"]
[WhiteTeam "SF Sasbach"]
[BlackTeam "SC Ammersee"]
[PlyCount "73"]
[WhiteFideId "12966703"]
[BlackFideId "16217250"]
[EventCountry "GER"]
[EventRounds "7"]
[EventType "team-swiss"]
[EventDate "2015.12.26"]

1. e4 e5 2. Nf3 Nc6 3. d4 exd4 4. Bc4 Nf6 5. O-O d6 6. Ng5 d5 7. exd5 Na5 8.
Qe1+ Be7 9. Qxa5 O-O 10. Bf4 b6 11. Qd2 Bb7 12. Qxd4 Nxd5 13. Bxd5 Bxd5 14. Qe3
Re8 15. Qg3 Bc4 16. Rc1 Bc5 17. Nc3 Qe7 18. Rd1 Rad8 19. h3 h6 20. Nge4 Kh7 21.
Nxc5 Qxc5 22. Rxd8 Rxd8 23. Re1 Qc6 24. Re7 Rd7 25. Be5 g6 26. Rxd7 Qxd7 27.
Qf4 Qe6 28. b3 Ba6 29. Ne4 Bb7 30. Nf6+ Kg7 31. Ng4+ Kf8 32. Qxh6+ Ke8 33. Bxc7
Qc6 34. Qh8+ Ke7 35. Qd8+ Ke6 36. Qf6+ Kd5 37. Qe5# 1-0

[Event "DVM U14w 2015"]
[Site "Magdeburg GER"]
[Date "2015.12.27"]
[Round "1"]
[White "Heinze, Sabrina"]
[Black "Lohrmann, Tabea"]
[Result "0-1"]
[Termination "normal"]
[Board "4.2"]
[WhiteElo "1435"]
[BlackElo "1657"]
[WhiteTeam "SC Ammersee"]
[BlackTeam "SF Sasbach"]
[PlyCount "54"]
[WhiteFideId "12981737"]
[BlackFideId "12911941"]
[EventCountry "GER"]
[EventRounds "7"]
[EventType "team-swiss"]
[EventDate "2015.12.26"]

1. e4 e5 2. Nf3 Nc6 3. Bc4 Bc5 4. c3 Nf6 5. d4 exd4 6. e5 d5 7. exf6 dxc4 8.
fxg7 Rg8 9. cxd4 Nxd4 10. Qa4+ Bd7 11. Qxc4 Qe7+ 12. Be3 Nxf3+ 13. gxf3 Bxe3
14. fxe3 Qxe3+ 15. Qe2 Qxe2+ 16. Kxe2 Rxg7 17. Ke1 Rg2 18. b3 Bc6 19. Nd2 O-O-O
20. Rd1 Re8+ 21. Kf1 Ree2 22. Nc4 Rgf2+ 23. Kg1 Bxf3 24. Ra1 Bxh1 25. Kxh1
Rxh2+ 26. Kg1 Rxa2 27. Rf1 Rag2# 0-1

[Event "DVM U14w 2015"]
[Site "Magdeburg GER"]
[Date "2015.12.27"]
[Round "1"]
[White "Ehmann, Johanna"]
[Black "Karlinger De la Quintana, Ainhoa"]
[Result "1-0"]
[Termination "normal"]
[Board "4.3"]
[WhiteElo "1689"]
[BlackElo "1121"]
[WhiteTeam "SF Sasbach"]
[BlackTeam "SC Ammersee"]
[PlyCount "85"]
[WhiteFideId "12953130"]
[BlackFideId "16217268"]
[EventCountry "GER"]
[EventRounds "7"]
[EventType "team-swiss"]
[EventDate "2015.12.26"]

1. e4 g6 2. Nf3 Bg7 3. d4 c5 4. Nc3 cxd4 5. Nxd4 Nc6 6. Be3 d6 7. f3 Bd7 8. Qd2
Qc7 9. O-O-O e6 10. Kb1 a6 11. g4 b5 12. h4 b4 13. Nce2 a5 14. Nxc6 Bxc6 15.
Qxd6 Rc8 16. Qxc7 Rxc7 17. Nd4 Ne7 18. Nxc6 Rxc6 19. Bb5 O-O 20. Bxc6 Nxc6 21.
h5 a4 22. f4 a3 23. b3 Rc8 24. Rd2 Bc3 25. Rdh2 Rd8 26. hxg6 fxg6 27. Rxh7 Kf8
28. e5 Ke8 29. Rh8+ Kd7 30. R1h7+ Kc8 31. Rxd8+ Nxd8 32. Bb6 Bd2 33. Rc7+ Kb8
34. Rd7 Nc6 35. Rxd2 Kb7 36. Be3 Kc7 37. Rd6 Nxe5 38. fxe5 Kb7 39. Rxe6 Kc7 40.
Rxg6 Kd7 41. e6+ Ke7 42. Bc5+ Ke8 43. Rg8# 1-0